000 00522nam a2200193 i 4500
001 15920
003 ES-MaACL
005 20230906151208.0
007 t|
008 000519s1999 sp ||||1| spa d
080 _a655.41
100 1 _aGómez Alonso, Gloria.
_957812
245 1 0 _aColofón de colofones /
_c[Gloria Gómez Alonso].
260 _aMadrid :
_bHiperión,
_c1999.
300 _a10 p., [54] h. ;
_c20 cm.
500 _aAutora (p. 9)
650 4 _aEdición.
_912050
852 _aES-MaACL
_jL-22894
_bR.128148
999 _c15920
_d15920